书目信息 |
| 题名: |
新四军史迹图册
|
|
| 作者: | ;《新四军史迹图册》编委会 编 | |
| 分册: | ||
| 出版信息: | 上海 学林出版社 1989.03 |
|
| 页数: | 191页 | |
| 开本: | 26cm | |
| 丛书名: | ||
| 单 册: | ||
| 中图分类: | E297.3 | |
| 科图分类: | ||
| 主题词: | 抗日战争(1937~1945)--中国人民解放军军史 , 战争史--中国 | |
| 电子资源: | ||
| ISBN: | 7-80510-257-0 | |
| 000 | 00668nam0 2200205 45 | |
| 001 | 0504041066 | |
| 005 | 20050404143709.0 | |
| 010 | @a7-80510-257-0@b软精装@dCNY15.00 | |
| 100 | @a20050404d1989 km y0chiy0120 ea | |
| 101 | 0 | @achi |
| 105 | @a z 000yy | |
| 200 | 1 | @a新四军史迹图册@AXin Si Jun Shi Ji Tu Ce@f《新四军史迹图册》编委会编@F《Xin Si Jun Shi Ji Tu Ce》Bian Wei Hui Bian |
| 210 | @a上海@c学林出版社@d1989.03 | |
| 215 | @a191页@c图画@d26cm | |
| 606 | 0 | @a抗日战争(1937~1945)@x中国人民解放军军史 |
| 606 | 0 | @a战争史@x中国 |
| 690 | @aE297.3@v3 | |
| 711 | 02 | @a《新四军史迹图册》编委会@4编 |
| 801 | @aCN@bPftUser@c20050404 | |
| 905 | @f1@b221708@dE297.3@e32 | |
| 新四军史迹图册/《新四军史迹图册》编委会编.-上海:学林出版社,1989.03 |
| 191页:图画;26cm |
| ISBN 7-80510-257-0(软精装):CNY15.00 |
| ● |
| 相关链接 |
|
|
|
|
正题名:新四军史迹图册
索取号:E297.3/32
 
预约/预借
| 序号 | 登录号 | 条形码 | 馆藏地/架位号 | 状态 | 备注 |
| 1 | 0221708 | 001261887 | 第一样本阅览室/ [索取号:E297.3/32] | 在馆 |